Cuban Economy 1987

Saved in:
Bibliographic Details
Format: Book
Language:English
Published: Habana State Committee for Statistics 1987
Subjects:
Tags: Add Tag
No Tags, Be the first to tag this record!

MARC

LEADER 00000nam a2200000 4500
001 c030294
005 20251103113105.1
041 0 |a eng 
044 |a CU 
245 1 0 |a Cuban Economy 1987 
264 1 |a Habana  |b State Committee for Statistics  |c 1987 
300 |a 10 s. 
610 2 0 |a Kuba